000 01262cam a22002895a 4500
001 L139908
008 070820s2004 xxk f 000 0 eng d
020 _a0860175871
035 _a(Sirsi) u139908
041 0 _aeng
050 0 4 _a333.72 $2 18
100 1 _aNewton, J
245 0 0 _aWorking with wildlife
_ba resource and training pack for the construction industry
_h[electronic resource]
260 _aLondon
_bCIRIA
_c2004
300 _a1
_fCD-ROM
490 0 _aCIRIA
_vC587
505 2 _aHow to use this pack -- Introduction to ecology and construction -- Background to ecology -- Basic ecological concepts -- Ecology and construction -- Survey and assessment -- Legislation, planning policy and guidance - Who?s who in ecology -- Where next?--Training and supporting materials
520 _aAims to help environmental assessors and managers in the construction industry to stay within the law, and to understand and implement good practice in relation to wildlife on development and construction projects.
651 4 _aUnited Kingdom
_y
690 _aBUILDING ENVIRONMENT-SUSTAINABLE CONSTRUCTION
700 1 _aWilliams, C
700 1 _aNicholson, B
700 1 _aVenables, R.
700 1 _aWillets, R
700 1 _aMoser, B
942 _n0
999 _c85445
_d85445